HISTORY OF THE RESERVE BANK OF INDIA (Record no. 19300)

MARC details
000 -LEADER
fixed length control field 00315nam a2200121Ia 4500
008 - FIXED-LENGTH DATA ELEMENTS--GENERAL INFORMATION
fixed length control field 240624s9999 xx 000 0 und d
041 ## - LANGUAGE CODE
Language code of text/sound track or separate title eng
082 ## - DEWEY DECIMAL CLASSIFICATION NUMBER
Classification number 332.1 RBI
100 ## - MAIN ENTRY--PERSONAL NAME
Personal name RESERVE BANK OF INDIA
245 ## - TITLE STATEMENT
Title HISTORY OF THE RESERVE BANK OF INDIA
260 ## - PUBLICATION, DISTRIBUTION, ETC.
Date of publication, distribution, etc. 1970
Place of publication, distribution, etc. Bombay
Name of publisher, distributor, etc. RBI
300 ## - PHYSICAL DESCRIPTION
Extent 878 : p. : cm. ; 26
Holdings
Withdrawn status Lost status Damaged status Not for loan Home library Current library Shelving location Date acquired Full call number Barcode Date last seen Price effective from Koha item type
Store Books       IMTN IMTN Rack 9-B 08/27/2012 332.1 RBI 19300 06/24/2024 06/24/2024 Books
Designed & Maintained by: LRC IMT Nagpur Contact: lrc@imtnag.ac.in© 2024. All Rights Reserved.